000 00324nam a2200157Ia 4500
003 IT-RoPAU
008 120407s9999 xx 000 0 und d
040 _aIT-RoPAU
040 _cIT-RoPAU
100 _aChiara Augusta
245 _aSanta Chiara d'Assisi
260 _aAssisi
300 _c cm
490 _v1
942 _cBK
999 _c981
_d981